Slovensko na ceste do Európskej menovej únie

Prijatie Slovenska do Európskej únie otvára cestu aj do Európskej menovej únie (EMÚ). EMÚ ako optimálna menová oblasť. Plnenie kritérií na vstup do EMÚ v SR. Spory o časový horizont vstupu do EMÚ v kandidátskych krajinách.

Gespeichert in:
Bibliographische Detailangaben
1. Verfasser: Iša, Ján
Format: Buchkapitel
Sprache:Slowakisch
Schlagworte:
Tags: Tag hinzufügen
Keine Tags, Fügen Sie das erste Tag hinzu!

MARC

LEADER 00000naa a2200000 4500
001 r048124
005 20240502071342.3
041 0 |a slo 
044 |a SK 
245 1 0 |a Slovensko na ceste do Európskej menovej únie  |c Ján Iša 
520 |a Prijatie Slovenska do Európskej únie otvára cestu aj do Európskej menovej únie (EMÚ). EMÚ ako optimálna menová oblasť. Plnenie kritérií na vstup do EMÚ v SR. Spory o časový horizont vstupu do EMÚ v kandidátskych krajinách. 
610 2 0 |a Európska menová únia 
610 2 0 |a únie menové 
610 2 0 |a Slovensko 
610 2 0 |a Európska únia 
610 2 0 |a teória zón menových optimálnych 
610 2 0 |a konvergencia 
610 2 0 |a integrácia menová 
100 1 |a Iša, Ján